Histoire et civilisation des États-Unis : Textes et documents commentés du XVIIe siècle à nos jours (notice n° 2197788)

détails MARC
000 -LEADER
fixed length control field 01763cam a2200157 4500500
005 - DATE AND TIME OF LATEST TRANSACTION
control field 20260405085450.0
041 ## - LANGUAGE CODE
Language code of text/sound track or separate title fre
042 ## - AUTHENTICATION CODE
Authentication code dc
100 10 - MAIN ENTRY--PERSONAL NAME
Personal name Martin, Jean-Pierre
Relator term author
245 00 - TITLE STATEMENT
Title Histoire et civilisation des États-Unis : Textes et documents commentés du XVIIe siècle à nos jours
260 ## - PUBLICATION, DISTRIBUTION, ETC.
Name of publisher, distributor, etc. Armand Colin,<br/>
Date of publication, distribution, etc. 2005.<br/>
520 ## - SUMMARY, ETC.
Summary, etc. De l'époque du Mayflower à la présidence de George Walker Bush, Histoire et civilisation des États-Unis propose un ensemble de textes en langue originale traduisant l'évolution de ce vaste pays et donnant la parole aux acteurs individuels et collectifs de l'histoire américaine. L'angliciste, l'historien, le juriste, le spécialiste des sciences politiques trouveront également dans cet ouvrage un réseau serré de références, de notes, de citations et de commentaires en français qui leur permettront d'étudier directement les thèmes fondamentaux de la civilisation américaine dans leurs aspects institutionnels, politiques, sociaux et économiques. Jean-Pierre Martin est professeur émérite d'histoire de la civilisation américaine à l'université de Provence. Il a publié divers ouvrages et articles portant sur l'histoire religieuse et intellectuelle des États-Unis. Daniel Royot, professeur émérite à l'université Paris-III Sorbonne Nouvelle, est spécialiste de l'histoire culturelle des États-Unis où il a enseigné dans plusieurs universités. Il est l'auteur de nombreuses publications dans le domaine de la civilisation et de la littérature américaines.
700 10 - ADDED ENTRY--PERSONAL NAME
Personal name Martin, Jean-Pierre
Relator term author
700 10 - ADDED ENTRY--PERSONAL NAME
Personal name Royot, Daniel
Relator term author
856 41 - ELECTRONIC LOCATION AND ACCESS
Uniform Resource Identifier <a href="https://shs.cairn.info/histoire-et-civilisation-des-etats-unis--9782200342616?lang=fr&redirect-ssocas=7080">https://shs.cairn.info/histoire-et-civilisation-des-etats-unis--9782200342616?lang=fr&redirect-ssocas=7080</a>

Pas d'exemplaire disponible.

PLUDOC

PLUDOC est la plateforme unique et centralisée de gestion des bibliothèques physiques et numériques de Guinée administré par le CEDUST. Elle est la plus grande base de données de ressources documentaires pour les Étudiants, Enseignants chercheurs et Chercheurs de Guinée.

Adresse

627 919 101/664 919 101

25 boulevard du commerce
Kaloum, Conakry, Guinée

Réseaux sociaux

Powered by Netsen Group @ 2025